|
|
|
|
| LEADER |
00813nam a2200265 4500 |
| 001 |
DLU120132093 |
| 005 |
##20120227 |
| 040 |
# |
# |
|a DLU
|b vie
|
| 041 |
# |
# |
|a vie
|
| 044 |
# |
# |
|a vn
|
| 100 |
# |
# |
|a Phong Lê,
|c GS.
|
| 245 |
# |
# |
|a Hồ Chí Minh :
|b Về công tác văn hóa, văn nghệ đọc lại và nghĩ tiếp /
|c Phong Lê.
|
| 653 |
# |
# |
|a Đoàn kết thế giới
|
| 653 |
# |
# |
|a Hồ Chí Minh, 1890-1969
|
| 653 |
# |
# |
|a Tư tưởng Hồ Chí Minh
|
| 773 |
# |
# |
|t Khoa học xã hội Việt Nam
|g Số 4(41), 2010, tr. 51-60
|
| 920 |
# |
# |
|a Phòng Tạp chí -- Trung tâm Thông tin - Thư viện Trường Đại học Đà Lạt
|
| 994 |
# |
# |
|a DLU
|
| 900 |
# |
# |
|a True
|
| 911 |
# |
# |
|a Nguyễn Thị Linh Chi
|
| 925 |
# |
# |
|a G
|
| 926 |
# |
# |
|a A
|
| 927 |
# |
# |
|a BB
|
| 980 |
# |
# |
|a Thư viện Trường Đại học Đà Lạt
|